ბათუმის შოთა რუსთაველის სახელმწიფო უნივერსიტეტის ბიბლიოთეკა

როგორ იწრთობოდა ფოლადი (ბიბ.ჩანაწერი № 50112)

000 -LEADER
fixed length control field 00695nam a2200217Ia 4500
001 - CONTROL NUMBER
control field 17050
003 - CONTROL NUMBER IDENTIFIER
control field GE_BSU
008 - FIXED-LENGTH DATA ELEMENTS--GENERAL INFORMATION
fixed length control field 181216s||||||||xx |||||||||||||| ||und||
040 ## - CATALOGING SOURCE
Transcribing agency GE_BSU
080 ## - UNIVERSAL DECIMAL CLASSIFICATION NUMBER
Universal Decimal Classification number 82-93:821.161.1-31
100 ## - MAIN ENTRY--PERSONAL NAME
Personal name ოსტროვსკი, ნ.
245 ## - TITLE STATEMENT
Title როგორ იწრთობოდა ფოლადი
245 ## - TITLE STATEMENT
Remainder of title რომანი
245 ## - TITLE STATEMENT
Statement of responsibility, etc. თარგმ. როდიონ ქორქიამ
260 ## - PUBLICATION, DISTRIBUTION, ETC.
Place of publication, distribution, etc. თბილისი
260 ## - PUBLICATION, DISTRIBUTION, ETC.
Name of publisher, distributor, etc. საბლიტგამი
260 ## - PUBLICATION, DISTRIBUTION, ETC.
Date of publication, distribution, etc. 1956
300 ## - PHYSICAL DESCRIPTION
Extent 384 გვ. : ილ. ; 22 სმ
653 ## - INDEX TERM--UNCONTROLLED
Uncontrolled term როგორ იწრთობოდა ფოლადი
942 ## - ADDED ENTRY ELEMENTS (KOHA)
Koha item type წიგნი
ეგზემპლარები
Withdrawn status Lost status Damaged status Not for loan Date acquired Barcode Date last seen Price effective from Koha item type
        2018-12-17 21430 2018-12-17 2018-12-17 წიგნი
        2018-12-17 21431 2018-12-17 2018-12-17 წიგნი
        2018-12-17 21432 2018-12-17 2018-12-17 წიგნი
        2018-12-17 21433 2018-12-17 2018-12-17 წიგნი
        2018-12-17 21434 2018-12-17 2018-12-17 წიგნი
        2018-12-17 21435 2018-12-17 2018-12-17 წიგნი